ARRUPE JESUIT UNIVERSITY

CORONAVIRUS -STOP THE SPREAD - CLEAN,DISINFECT,COVER

To the other (Record no. 19281)

MARC details
000 -LEADER
fixed length control field 00549nam a2200193Ia 4500
003 - CONTROL NUMBER IDENTIFIER
control field 0100
005 - DATE AND TIME OF LATEST TRANSACTION
control field 20150722020011.0
008 - FIXED-LENGTH DATA ELEMENTS--GENERAL INFORMATION
fixed length control field 130303s9999 xx 000 0 und d
040 ## - CATALOGING SOURCE
Transcribing agency ARRUPELIB
050 ## - LIBRARY OF CONGRESS CALL NUMBER
Classification number B2430.L484P46 1992
300 ## - PHYSICAL DESCRIPTION
Other physical details 247p. 22cm.
100 ## - MAIN ENTRY--PERSONAL NAME
Personal name Peperzak, Adriaan
9 (RLIN) 13510
245 ## - TITLE STATEMENT
Title To the other
Remainder of title an introduction to the philosophy of Emmanuel Levinas
260 ## - PUBLICATION, DISTRIBUTION, ETC. (IMPRINT)
Place of publication, distribution, etc Indiana
260 ## - PUBLICATION, DISTRIBUTION, ETC. (IMPRINT)
Name of publisher, distributor, etc Purdue University Press
300 ## - PHYSICAL DESCRIPTION
Extent xii
650 ## - SUBJECT ADDED ENTRY--TOPICAL TERM
Topical term following geographic name as entry element Afro-Americans-life skills guides
9 (RLIN) 13511
942 00 - ADDED ENTRY ELEMENTS (KOHA)
Koha issues (borrowed), all copies 10
Source of classification or shelving scheme Library of Congress Classification
Koha item type Monograph ( Printed materials)
Holdings
Withdrawn status Lost status Source of classification or shelving scheme Damaged status Not for loan Collection code Home library Current library Shelving location Date acquired Total Checkouts Full call number Barcode Date last seen Date checked out Copy number Price effective from Koha item type
    Library of Congress Classification     Main Collection ARRUPE LIBRARY ARRUPE LIBRARY   04/03/2013 33 B2430.L484P46 1992 46003011152 12/04/2017 01/03/2017 1 04/03/2013 Monograph ( Printed materials)

 

Arrupe Library. PO Box MP320 Mt Pleasant, Harare, Zimbabwe
263 242 745411|librarian@aju.ac.zw